| 000 | 01206nam a2200241 a 4500 | ||
|---|---|---|---|
| 001 | 38003 | ||
| 003 | BD-RjUL | ||
| 005 | 20211209052714.0 | ||
| 008 | 150825s1981 bg ||||| |||| 00| 0 ben d | ||
| 035 | _a(BD-RjUL)38108 | ||
| 040 |
_aBD-RjUL _beng _cBD-RjUL |
||
| 041 | _aeng | ||
| 082 |
_a351.000917671 _bKHM 1981 _223 |
||
| 100 |
_aখান, মুহম্মদ আলী আসগর _9117708 |
||
| 245 |
_aমুসলিম প্রশাসন : _bব্যবস্থার ক্রমবিকাশ / _cমুহম্মদ আলী আসগর খান, মোখলেছুর রহমান, শেখ মুহম্মদ লুৎফর রহমান. |
||
| 260 |
_aরাজশাহী : _bবুকস প্যাভিলিয়ন, _c১৯৮১. |
||
| 300 |
_a২০, ৪৩৩ পৃ. ; _c২১ সেমি |
||
| 650 |
_aমুসলিম সাম্রাজ্য _xরাষ্ট্রবিজ্ঞান _9117709 |
||
| 650 |
_a Islamic Empire _x Politics and government. _9117710 |
||
| 700 |
_aরহমান, মোখলেছুর _9117711 |
||
| 700 |
_aরহমান, শেখ মুহম্মদ লুৎফর _9117712 |
||
| 942 |
_2ddc _cBK _03 |
||
| 999 |
_c38003 _d38003 |
||